| 000 | 01481cam a22004574i 4500 | ||
|---|---|---|---|
| 003 | PE-LiUPU | ||
| 005 | 20250731172953.0 | ||
| 008 | 150623s1994 miu r 000 0 eng d | ||
| 020 | _a080280697X | ||
| 035 | _a(Sirsi) i9780802806970 | ||
| 040 |
_aPE-LiUPU _bspa _cPE-LiUPU _erda |
||
| 049 | _aPRUA | ||
| 082 | 0 | 4 |
_a265.85 _bB47 _221 |
| 100 | 1 |
_aBiddle, Perry H., _eautor. |
|
| 245 | 1 | 2 |
_aA funeral manual / _cPerry H. Biddle. |
| 264 | 1 |
_aMichigan : _bWilliam B. Eerdmans Publishing Company, _c1994. |
|
| 300 |
_a200 páginas ; _c17 centímetros |
||
| 336 |
_atext _2rdacontent |
||
| 337 |
_aunmediated _2rdamedia |
||
| 338 |
_avolume _2rdacarrier |
||
| 504 | _aIncluye bibliografía. | ||
| 505 | 0 | _aArranging the funeral service -- Funeral liturgies. | |
| 526 | _aSEG42 | ||
| 526 | _aSEG41 | ||
| 526 | _aSEG40 | ||
| 526 | _aSEG39 | ||
| 526 | _aP94 | ||
| 526 | _aP87 | ||
| 526 | _aP86 | ||
| 526 | _aP85 | ||
| 526 | _aP77 | ||
| 526 | _aP76 | ||
| 526 | _aP35 | ||
| 650 | 1 | 4 |
_aRitos y ceremonias fúnebres _vManuales. |
| 942 |
_2ddc _cBOOK |
||
| 949 |
_a265.85 B47 _wDEWEY _c1 _i45088 _lCCODEBUL1 _mBUL _r0 _sY _tBOOK _u2015-6-24 _xTEOLOGIA _PP35 _0COMPRA _o.STAFF. Colección General |
||
| 994 |
_aC0 _bPEPRU |
||
| 596 | _a1 | ||
| 999 |
_a265.85 B47 _wDEWEY _c21973 _i45088 _f2021-11-10 _g5 _lCCODEBUL1 _mBUL _p12.07 _r0 _sY _tBOOK _u2015-6-24 _xTEOLOGIA _PP35 _0COMPRA _o.STAFF. Colección Teología _d21973 |
||
| 980 |
_81 _gALBERTO SANCHEZ Responsable de Automatización |
||